| 000 | 00988nam a2200277 i 4500 | ||
|---|---|---|---|
| 003 | CO-BoRNBP | ||
| 005 | 20240805102437.0 | ||
| 007 | ta | ||
| 008 | 240805s2009 ck a|||| |||| 00| 0 spa d | ||
| 020 | _a9789587240092 | ||
| 040 |
_aCO-BoRNBP _bspa _cCO-BoRNBP _erda |
||
| 041 | _aspa | ||
| 100 |
_aDiaz Collazos, Ana María _d1980 - _eautora _941992 |
||
| 245 |
_aLa historia del caballero sin sombra _cAna María Díaz Collazos; ilustraciones Luís Aurelio Durán Delgado |
||
| 250 | _aPrimera edición | ||
| 264 | 1 |
_aBogotá, Colombia _bHillman Publicacaciones _c2009 |
|
| 300 |
_a122 páginas _bilustraciones en blanco y nergo _calto 20cm x 13cm ancho |
||
| 336 |
_2rdacontenido _atexto _btxt |
||
| 337 |
_2rdamedio _asin mediación _bn |
||
| 338 |
_2rdasoporte _avolumen _bnc |
||
| 490 | _aFanstasía | ||
| 650 | 1 | 7 |
_2ARMARC _aNovela juvenil colombiana _923343 |
| 650 | 1 | 7 |
_2ARMARC _ahistorias de aventuras _9870 |
| 650 | 1 | 7 |
_2ARMARC _acaballeros y caballería _941993 |
| 942 |
_2ddc _cBKINF |
||
| 999 |
_c38279 _d38279 |
||